| 000 | 02902ncm0a2200469 4500 | ||
|---|---|---|---|
| 001 | RU\NLR\ONIZ\292419 | ||
| 005 | 20260215045216.0 | ||
| 035 | _a(NLR Aleph) 022722255 | ||
| 071 | 2 | 0 | _a1812 |
| 090 |
_a13550428 _c13550428 |
||
| 100 | _a20220802g1870 u y0rusy50 ca | ||
| 101 | 0 | _afre | |
| 102 | _aRU | ||
| 125 | _az| | ||
| 128 | _aft | ||
| 145 | 0 | _ab | |
| 200 | 1 |
_aPresto pour piano _bНоты _e[fis-moll] _fF. Mendelssohn |
|
| 203 |
_aМузыка _bзнаковая _bвизуальная _cнепосредственная |
||
| 210 |
_aSt. Pétersbourg _cchez B. Bessel & c-ie _d[187-] |
||
| 215 |
_a11 с. _d32 см |
||
| 225 | 1 |
_aRépertoire des pièces de différent caractère pour piano _echoisies et classées progressivement par ordre de difficulté _fedition redigée spécialement à l'usage des élèves par Ch. van Ark... _hDeuxième série, 5-me dégré _v№ 23 |
|
| 300 | _aПросп. сер.: тит. л. | ||
| 300 | _aПеред загл. сер.: Adopté par le conseil des professeurs du Conservatoire de St. Pétersbourg | ||
| 313 | _aСистематизация документа проведена по изданию - Методика классифицирования музыкальных произведений (нотных изданий) по таблицам Библиотечно-библиографических классификаций : метод. рекомендации / Гос. б-ка СССР им. В.И. Ленина.- М., 1977. Индексу ББК методических рекомендаций присваивается код ББК для научных библиотек - LBC/SL | ||
| 316 |
_6b03852 _5NLR _aНа тит. л. штамп: Нотный магазин "Северная лира" Пр. Нахимсона, д. № 3, 2-й дом от просп. 25 Октября |
||
| 500 | 0 | 0 |
_aПресто для фортепиано _bНоты _ufis-moll _rФортепиано |
| 606 | 1 |
_aФортепианная музыка немецкая _z19 в. _jНоты _2nlr_sh |
|
| 606 | 1 |
_aМузыкальные произведения для фортепиано _yГермания _z19 в. _jНоты _2nlr_sh |
|
| 606 | 1 |
_aПресто для фортепиано _yГермания _z19 в. _jНоты _2nlr_sh |
|
| 686 | 0 | _aЩ954.2-057(4Г) | |
| 700 | 1 |
_9z01790 _aМендельсон-Бартольди _bФ. _f1809-1847 _gФеликс _4230 _7ca |
|
| 702 | 1 |
_9z02790 _aАрк _bК. К. в. _f1839-1902 _gКарл Карлович ван _4340 _7ca |
|
| 790 | 1 |
_9z01700 _aMendelssohn-Bartholdy _bF. _f1809-1847 _gFelix _4230 _7ba |
|
| 790 | 1 |
_9z02702 _aArk _bK. van _f1839-1902 _gKarel van _4340 _7ba |
|
| 801 | 0 |
_aRU _bNLR _c20220802 _gPSBO |
|
| 801 | 1 |
_aRU _bNLR _c20220802 _2rusmarc |
|
| 801 | 2 |
_aRU _bNLR _c20220802 |
|
| 852 |
_6b03316 _aNLR _gМ _jК-4/5320 _m269813 _t1 |
||
| 942 | _cSCORE | ||
| 980 | _aONIZ | ||
| 980 | _aNB | ||